000
00247nam a22001097a 4500
008
140207t xxu||||| |||| 00| 0 eng d
100
_a
Jerome Fellmann
_9
676
245
_a
Human Geography
250
_a
fifth Edi.
300
_a
545 p.
942
_2
ddc
_c
BK
999
_c
16935
_d
16935